[Event "ch-CHN 2021"]
[Site "Xinghua CHN"]
[Date "2021.05.07"]
[Round "1.1"]
[White "Zhao, Jun"]
[Black "Lu, Shanglei"]
[Result "0-1"]
[WhiteTitle "GM"]
[BlackTitle "GM"]
[WhiteElo "2638"]
[BlackElo "2615"]
[WhiteFideId "8602522"]
[BlackFideId "8603332"]
[EventDate "2021.05.07"]

1. d4 Nf6 2. c4 e6 3. Nc3 Bb4 4. e3 O-O 5. Ne2 c6 6. a3 Ba5 7. Ng3 d5 8. Be2
dxc4 9. Bxc4 c5 10. O-O cxd4 11. exd4 Nc6 12. Be3 Bb6 13. Nge2 Ne7 14. Bg5 Nf5
15. Ne4 Kh8 16. Qd3 Nd6 17. Nxd6 Qxd6 18. Bxf6 gxf6 19. Rad1 Bd7 20. d5 Rac8 21.
Ba2 Rg8 22. Qf3 e5 23. Ng3 f5 24. Nxf5 Qf6 25. Bb1 Rc4 26. Qd3 Rcg4 27. Ne3 Rh4
28. g3 Qh6 29. Rfe1 Rxh2 30. Qe4 f6 31. Qf3 Bg4 32. Nxg4 Rxg4 33. Re2 Rxg3+ 34.
Qxg3 Rh1+ 35. Kg2 Rxd1 0-1

[Event "ch-CHN 2021"]
[Site "Xinghua CHN"]
[Date "2021.05.07"]
[Round "1.2"]
[White "Yu, Yangyi"]
[Black "Li, Di"]
[Result "1/2-1/2"]
[WhiteTitle "GM"]
[BlackTitle "GM"]
[WhiteElo "2709"]
[BlackElo "2561"]
[WhiteFideId "8603820"]
[BlackFideId "8607508"]
[EventDate "2021.05.07"]

1. c4 e6 2. g3 d5 3. Bg2 Nf6 4. Nf3 dxc4 5. Qa4+ c6 6. Qxc4 b5 7. Qb3 Bb7 8. d4
Nbd7 9. O-O Be7 10. Ne5 Nxe5 11. dxe5 Nd7 12. Nc3 Qc7 13. Bf4 O-O 14. Ne4 Rfd8
15. Rac1 Qb6 16. Qf3 c5 17. Nf6+ Bxf6 18. Qxb7 Qxb7 19. Bxb7 Rab8 20. exf6 Rxb7
21. Rfd1 Rc8 22. fxg7 Kxg7 23. f3 Rc6 24. g4 Kf6 25. Rd6 Rcb6 26. Kf2 Ke7 27.
Rd2 Rc6 28. h4 a5 29. g5 c4 30. h5 b4 31. Rcd1 e5 32. Be3 a4 33. Rd5 c3 34. bxc3
bxc3 35. Ra5 Rc4 36. Bc1 c2 37. Rg1 Rb1 38. Ke3 Nc5 39. Ra7+ Ke6 40. g6 fxg6 41.
hxg6 hxg6 42. Rxg6+ Kd5 43. Ra8 Rd4 44. Rd8+ Kc4 45. Rxd4+ exd4+ 46. Kd2 Ra1 47.
Kxc2 Rxa2+ 48. Kd1 a3 49. Rg8 Na4 50. Rc8+ Kd5 51. Rd8+ Kc5 52. Rc8+ Kb5 53.
Rb8+ Kc6 54. Ke1 Ra1 55. Kd2 a2 56. Ra8 Kb5 57. Rb8+ Kc4 58. Ra8 Kb4 59. Rb8+
Kc5 60. Ra8 Kb5 61. Rb8+ Kc6 62. Ra8 Kb5 1/2-1/2

[Event "ch-CHN 2021"]
[Site "Xinghua CHN"]
[Date "2021.05.07"]
[Round "1.3"]
[White "Xu, Zhihang"]
[Black "Ju, Wenjun"]
[Result "1/2-1/2"]
[WhiteTitle "IM"]
[BlackTitle "GM"]
[WhiteElo "2506"]
[BlackElo "2560"]
[WhiteFideId "8611572"]
[BlackFideId "8603006"]
[EventDate "2021.05.07"]

1. d4 Nf6 2. c4 e6 3. Nc3 Bb4 4. Nf3 d5 5. e3 O-O 6. Bd3 b6 7. O-O Bb7 8. a3 Bd6
9. Qc2 c5 10. cxd5 exd5 11. Rd1 Nbd7 12. Nb5 Be7 13. b3 a6 14. Nc3 Rc8 15. Bb2
b5 16. dxc5 Nxc5 17. Bf5 Rc7 18. Nd4 g6 19. Bh3 Nce4 20. Nde2 Ng5 21. Nf4 Nxh3+
22. Nxh3 Ne4 23. Qd3 Bf6 24. Rac1 Qc8 25. Nxe4 Bxb2 26. Rxc7 Qxc7 27. Qd2 Be5
28. Ng3 Rc8 29. f4 Bf6 30. Nf2 Qc3 31. Qxc3 Rxc3 32. Rd3 Rc1+ 33. Rd1 Bb2 34. a4
bxa4 35. bxa4 Bc6 36. Ne2 Rc2 37. Nd4 Bxd4 38. Rxd4 Rc1+ 39. Nd1 Ra1 40. Kf2
Rxa4 41. Rd2 Ra3 42. Rc2 Bb5 43. Nc3 Bc4 44. Rc1 f5 45. Ke1 Rb3 46. Nd1 Kf7 47.
Kd2 Ke6 48. Kc2 Kd6 49. Nc3 Kc5 50. Ra1 Rb7 51. Ra5+ Kc6 52. Ra1 Re7 53. Kd2 Ra7
54. Kc2 a5 55. g3 Kc5 56. Kb2 Ra6 57. Kc2 Ra8 58. Kb2 Ra7 59. Ra3 Kb6 60. Na4+
Ka6 61. Nc5+ Kb5 62. Ne6 a4 63. Nd4+ Kc5 64. Ne6+ Kb4 65. Nd4 Ra6 66. Nc2+ Ka5
67. Nd4 Rb6+ 68. Kc1 Bb5 69. Rc3 Kb4 70. Kb2 Bc4 71. Ra3 Rb7 72. Ra1 Kc5+ 73.
Kc3 Re7 74. Kd2 Ra7 75. Ra3 Ra8 76. Kc3 Re8 77. Kb2 Bb5 78. Rc3+ Kb6 79. Ka3 Bc4
80. Kb4 Re7 81. Ra3 Re8 82. Rc3 Re7 83. Ra3 Re8 84. Rc3 1/2-1/2

[Event "ch-CHN 2021"]
[Site "Xinghua CHN"]
[Date "2021.05.07"]
[Round "1.5"]
[White "Xu, Yinglun"]
[Black "Bai, Jinshi"]
[Result "1/2-1/2"]
[WhiteTitle "GM"]
[BlackTitle "GM"]
[WhiteElo "2554"]
[BlackElo "2618"]
[WhiteFideId "8604940"]
[BlackFideId "8602280"]
[EventDate "2021.05.07"]

1. d4 Nf6 2. c4 g6 3. Nc3 d5 4. cxd5 Nxd5 5. e4 Nxc3 6. bxc3 Bg7 7. Be3 c5 8.
Qd2 cxd4 9. cxd4 Nc6 10. Bb5 O-O 11. Ne2 Qa5 12. Qxa5 Nxa5 13. Rc1 a6 14. Bd3
Bd7 15. Rc7 Rfd8 16. O-O Rac8 17. Rfc1 Nc6 18. Rxb7 Nxd4 19. Rxc8 Bxc8 20. Rb8
Nc6 21. Ra8 Rxd3 22. Rxc8+ Rd8 23. Rxd8+ Nxd8 24. Bc5 Nc6 25. f4 f5 26. Kf2 Kf7
27. Ke3 e5 28. exf5 gxf5 29. fxe5 Bxe5 30. h3 Ke6 31. Nf4+ 1/2-1/2

[Event "ch-CHN 2021"]
[Site "Xinghua CHN"]
[Date "2021.05.07"]
[Round "1.6"]
[White "Xu, Xiangyu"]
[Black "Liu, Yan"]
[Result "1-0"]
[WhiteTitle "GM"]
[BlackTitle "GM"]
[WhiteElo "2573"]
[BlackElo "2524"]
[WhiteFideId "8608288"]
[BlackFideId "8608962"]
[EventDate "2021.05.07"]

1. d4 Nf6 2. c4 e6 3. Nc3 Bb4 4. Qc2 O-O 5. e4 d6 6. e5 Bxc3+ 7. bxc3 dxe5 8.
dxe5 Nfd7 9. Nf3 h6 10. Bd3 Qe7 11. Qe2 Nc6 12. O-O Rd8 13. Bc2 f6 14. exf6 Qxf6
15. Nd4 Nf8 16. Rb1 Ne7 17. Ba3 Neg6 18. Qe4 e5 19. Nf3 Bd7 20. Bxf8 Nxf8 21.
Nxe5 Bc6 22. Nxc6 bxc6 23. Rb7 Qxc3 24. Rxc7 Re8 25. Qf5 Re1 26. Qf7+ Kh8 27. g3
Ne6 28. Qf5 Ng5 29. Rc8+ Re8 30. Rxa8 Rxa8 31. f4 1-0

[Event "ch-CHN 2021"]
[Site "Xinghua CHN"]
[Date "2021.05.08"]
[Round "2.1"]
[White "Lu, Shanglei"]
[Black "Liu, Yan"]
[Result "1/2-1/2"]
[WhiteTitle "GM"]
[BlackTitle "GM"]
[WhiteElo "2615"]
[BlackElo "2524"]
[WhiteFideId "8603332"]
[BlackFideId "8608962"]
[EventDate "2021.05.07"]

1. e4 e5 2. Bc4 Nf6 3. d3 c6 4. Nf3 d5 5. Bb3 a5 6. a4 Bb4+ 7. c3 Bd6 8. exd5
Nxd5 9. O-O O-O 10. Nbd2 Bg4 11. Nc4 Qc7 12. d4 e4 13. h3 Bh5 14. g4 Bg6 15.
Nfe5 Bxe5 16. Nxe5 Nd7 17. Nxg6 hxg6 18. Qe2 f5 19. f4 Kf7 20. c4 Nb4 21. c5+
Nd5 22. Ra3 Nf6 23. Bc4 Qd7 24. Rg3 Rh8 25. Qg2 Rh7 26. gxf5 gxf5 27. Kf2 Kf8
28. Ke2 Nb4 29. Rd1 Rd8 30. Rg6 Nbd5 31. Rg1 e3 1/2-1/2

[Event "ch-CHN 2021"]
[Site "Xinghua CHN"]
[Date "2021.05.08"]
[Round "2.2"]
[White "Bai, Jinshi"]
[Black "Xu, Xiangyu"]
[Result "1/2-1/2"]
[WhiteTitle "GM"]
[BlackTitle "GM"]
[WhiteElo "2618"]
[BlackElo "2573"]
[WhiteFideId "8602280"]
[BlackFideId "8608288"]
[EventDate "2021.05.07"]

1. d4 d5 2. Nf3 Nf6 3. c4 dxc4 4. e3 e6 5. Bxc4 c5 6. O-O Nc6 7. Nc3 a6 8. a4
Be7 9. Qe2 cxd4 10. Rd1 O-O 11. exd4 Nd5 12. h3 Re8 13. Bd2 b6 14. Rac1 Bb7 15.
Nxd5 exd5 16. Ba2 Bf6 17. Qd3 Qd6 18. Re1 g6 19. Re3 Re7 20. Rxe7 Nxe7 21. Ne5
Nc6 22. Nxc6 Bxc6 23. Bb3 a5 24. Re1 Re8 25. Rxe8+ Bxe8 26. Qe3 Bd7 27. Qf3 Bxd4
28. Bxd5 Be6 29. Bxe6 Qxe6 30. Bc3 Bxc3 1/2-1/2

[Event "ch-CHN 2021"]
[Site "Xinghua CHN"]
[Date "2021.05.08"]
[Round "2.4"]
[White "Ju, Wenjun"]
[Black "Xu, Yi"]
[Result "1/2-1/2"]
[WhiteTitle "GM"]
[BlackTitle "GM"]
[WhiteElo "2560"]
[BlackElo "2527"]
[WhiteFideId "8603006"]
[BlackFideId "8605564"]
[EventDate "2021.05.07"]

1. e4 e5 2. Nf3 Nf6 3. Nxe5 d6 4. Nf3 Nxe4 5. Nc3 Nxc3 6. dxc3 Be7 7. Be3 Nd7 8.
Qd2 Nf6 9. O-O-O O-O 10. Bd3 c5 11. Bg5 Be6 12. Qf4 h6 13. Bxh6 gxh6 14. Qxh6
Re8 15. Qg5+ Kf8 16. Qh6+ Kg8 17. Qg5+ Kf8 18. Qh6+ Kg8 1/2-1/2

[Event "ch-CHN 2021"]
[Site "Xinghua CHN"]
[Date "2021.05.08"]
[Round "2.5"]
[White "Li, Di"]
[Black "Xu, Zhihang"]
[Result "0-1"]
[WhiteTitle "GM"]
[BlackTitle "IM"]
[WhiteElo "2561"]
[BlackElo "2506"]
[WhiteFideId "8607508"]
[BlackFideId "8611572"]
[EventDate "2021.05.07"]

1. d4 Nf6 2. Nc3 d5 3. Bf4 g6 4. e3 Bg7 5. h4 h5 6. Nf3 Bg4 7. Be2 Bxf3 8. Bxf3
c6 9. Qe2 Nbd7 10. O-O-O Qa5 11. Kb1 O-O-O 12. Qe1 Rde8 13. Be2 e5 14. dxe5 Nxe5
15. f3 Re6 16. Qg3 Rhe8 17. e4 Ned7 18. Bd3 Bh8 19. Rhe1 Nc5 20. Bf1 Qb6 21. Bc1
dxe4 22. Bc4 R6e7 23. Ka1 Qb4 24. Bf1 Na4 25. Nxa4 Qxa4 26. Kb1 e3 27. Re2 Nd5
28. Rd3 Bf6 29. Qh3+ Kb8 30. g3 Re6 31. Qh1 Rd6 32. Rb3 c5 33. c4 Nb4 34. Ra3
Qd1 35. f4 Rd2 0-1

[Event "ch-CHN 2021"]
[Site "Xinghua CHN"]
[Date "2021.05.08"]
[Round "2.6"]
[White "Zhao, Jun"]
[Black "Yu, Yangyi"]
[Result "1-0"]
[WhiteTitle "GM"]
[BlackTitle "GM"]
[WhiteElo "2638"]
[BlackElo "2709"]
[WhiteFideId "8602522"]
[BlackFideId "8603820"]
[EventDate "2021.05.07"]

1. e4 c5 2. Nf3 Nc6 3. Bb5 e5 4. Nc3 d6 5. O-O Nf6 6. Re1 Be7 7. Nd5 O-O 8.
Nxe7+ Nxe7 9. c3 a6 10. Bf1 Ng6 11. d4 cxd4 12. cxd4 h6 13. b3 Bg4 14. h3 Bxf3
15. Qxf3 d5 16. dxe5 Nxe4 17. Bb2 Re8 18. Rad1 Qa5 19. a3 Rad8 20. Qe3 Qc7 21.
f3 Ng5 22. f4 Ne4 23. Bd4 Qe7 24. Bb6 Rd7 25. Rxd5 Rxd5 26. Qxe4 Qe6 27. Bf2 Qc6
28. Bc4 Rd2 29. Qxc6 bxc6 30. e6 Rxe6 31. Bxe6 fxe6 32. Rxe6 Nxf4 33. Rxc6 Rd3
34. Rxa6 Rxb3 35. a4 Ra3 36. a5 Ra1+ 37. Kh2 Ra2 38. Kg3 g5 39. Ra8+ Kf7 40. a6
Nd3 41. Be3 Ne1 42. Bf2 Nd3 43. a7 Nxf2 44. Rh8 Ne4+ 45. Kf3 Nd2+ 46. Kg4 Ra4+
47. Kg3 Ne4+ 48. Kh2 Kf6 49. a8=Q Rxa8 50. Rxa8 h5 51. g3 Kg6 52. Kg2 Kf5 53.
Ra5+ Kf6 54. Kf3 Nd2+ 55. Kf2 Ne4+ 56. Kg2 Ke6 57. Rb5 Kf6 58. Kf3 Nd2+ 59. Ke3
Nf1+ 60. Kf2 Nd2 61. Rb6+ Kf5 62. Rb5+ Kf6 63. Rb4 Ke5 64. Ke2 Ne4 65. Rb5+ Kf6
66. Rb3 Kf5 67. Rd3 Ke5 68. Ra3 Kf5 69. Kf1 Nd2+ 70. Kg2 Ne4 71. Rf3+ Kg6 72.
Rf8 Nd2 73. Kf2 Ne4+ 74. Kf3 Nf6 75. Ke3 Kf5 76. Kd4 Kg6 77. Rd8 Kf5 78. Rd6 h4
79. Rxf6+ Kxf6 80. g4 Ke6 81. Ke4 1-0

[Event "ch-CHN 2021"]
[Site "Xinghua CHN"]
[Date "2021.05.09"]
[Round "3.1"]
[White "Yu, Yangyi"]
[Black "Lu, Shanglei"]
[Result "1/2-1/2"]
[WhiteTitle "GM"]
[BlackTitle "GM"]
[WhiteElo "2709"]
[BlackElo "2615"]
[WhiteFideId "8603820"]
[BlackFideId "8603332"]
[EventDate "2021.05.07"]

1. d4 Nf6 2. c4 e6 3. Nc3 Bb4 4. e3 O-O 5. a3 Bxc3+ 6. bxc3 b6 7. Bd3 c5 8. e4
d5 9. cxd5 exd5 10. e5 Ne4 11. Ne2 Bg4 12. Bb2 f5 13. O-O Bxe2 14. Qxe2 Nc6 15.
Rad1 cxd4 16. cxd4 Ng5 17. Rc1 Na5 18. Bc3 Ne6 19. Qd1 Qd7 20. Bxa5 bxa5 21. Bc2
Rac8 22. Ba4 Qb7 23. Qd2 Rxc1 24. Rxc1 Rc8 25. Rxc8+ Qxc8 26. Bb3 Qb7 27. Ba2
Qb6 28. g3 Nxd4 29. Bxd5+ Kf8 30. Qg5 Qc7 31. Qh4 Ne2+ 32. Kg2 Nc3 33. Qd4 Nxd5
34. Qxd5 Ke7 35. a4 h6 36. Kh3 g5 37. f3 a6 38. Qg8 Qxe5 39. Qh7+ Kd6 40. Qxh6+
Kc5 41. Qxg5 Kb4 42. g4 fxg4+ 43. Qxg4+ Kb3 44. Qh4 Qe3 45. Qg4 Qe5 46. f4 Qh8+
47. Kg3 Kxa4 48. f5+ Kb5 49. Qe2+ Kc5 50. Qe7+ Kd5 51. Qe6+ Kd4 52. f6 Qh6 53.
Qf5 Qf8 54. Qd7+ Kc4 55. f7 Kc5 56. h4 a4 57. h5 a3 58. Qf5+ Kb4 59. Qf4+ Kb3
60. Qf3+ Kc4 61. h6 a2 62. Qf4+ Kd5 63. Qd2+ Ke6 64. Qxa2+ Kf6 65. Qxa6+ Kxf7
66. Qf1+ Ke7 67. Qe2+ Kf7 68. Qf3+ Ke7 69. Qe4+ Kf6 70. Qf4+ Ke7 71. Qe5+ Kf7
72. Qf5+ Ke7 73. Qc5+ Kf7 74. Qf2+ Ke8 75. Qe3+ Kf7 76. Qf4+ Ke8 77. Qg5 Qd6+
78. Kg4 Qd1+ 1/2-1/2

[Event "ch-CHN 2021"]
[Site "Xinghua CHN"]
[Date "2021.05.09"]
[Round "3.2"]
[White "Xu, Zhihang"]
[Black "Zhao, Jun"]
[Result "1/2-1/2"]
[WhiteTitle "IM"]
[BlackTitle "GM"]
[WhiteElo "2506"]
[BlackElo "2638"]
[WhiteFideId "8611572"]
[BlackFideId "8602522"]
[EventDate "2021.05.07"]

1. d4 Nf6 2. c4 e6 3. Nf3 d5 4. Nc3 Nbd7 5. Bg5 c6 6. e3 Qa5 7. Nd2 Bb4 8. Qc2
O-O 9. Be2 dxc4 10. Bxf6 Nxf6 11. Nxc4 Bxc3+ 12. Qxc3 Qxc3+ 13. bxc3 Bd7 14. Bf3
Rac8 15. Kd2 Rfd8 16. a4 b6 17. Rhb1 Be8 18. Ne5 c5 19. a5 b5 20. a6 Nd5 21.
Bxd5 Rxd5 22. Nd3 f6 23. Ke2 cxd4 24. cxd4 e5 25. Nb4 Rdd8 26. d5 Rc4 27. Nc6
Bxc6 28. dxc6 Rd5 29. Rd1 Rxd1 30. Rxd1 Rxc6 31. Rd8+ Kf7 32. Rd7+ Kg6 33. Rxa7
b4 34. Rb7 Rxa6 35. Rxb4 1/2-1/2

[Event "ch-CHN 2021"]
[Site "Xinghua CHN"]
[Date "2021.05.09"]
[Round "3.3"]
[White "Xu, Yi"]
[Black "Li, Di"]
[Result "0-1"]
[WhiteTitle "GM"]
[BlackTitle "GM"]
[WhiteElo "2527"]
[BlackElo "2561"]
[WhiteFideId "8605564"]
[BlackFideId "8607508"]
[EventDate "2021.05.07"]

1. e4 c5 2. Nf3 Nc6 3. Bb5 e6 4. Bxc6 bxc6 5. d3 Ne7 6. h4 h5 7. e5 f6 8. Nbd2
fxe5 9. Nxe5 d6 10. Nec4 Nf5 11. Nf3 Be7 12. Bg5 Bf6 13. Qd2 e5 14. c3 O-O 15.
Qe2 Rb8 16. O-O-O Rb7 17. Kb1 a5 18. Nfd2 d5 19. Na3 Qb6 20. Nb3 a4 21. Nc1 Nd6
22. Rd2 Bf5 23. Ka1 Rfb8 24. Bxf6 gxf6 25. g4 hxg4 26. f3 Rg7 27. fxg4 Bxg4 28.
Qf2 f5 29. h5 Kh7 30. Re1 Re8 31. Ne2 Qa7 32. h6 Rf7 33. Ng1 Re6 34. Nf3 Qe7 35.
Nh2 Bh5 36. Qxc5 f4 37. Nc2 Nf5 38. Qf2 Ng3 39. Nf1 Nxf1 40. Qxf1 Bg6 41. Rf2 c5
42. d4 cxd4 43. cxd4 Bxc2 44. Rxc2 e4 45. Rc8 f3 46. Rec1 Qg5 47. Qb5 f2 48. Qb8
Qxc1+ 0-1

[Event "ch-CHN 2021"]
[Site "Xinghua CHN"]
[Date "2021.05.09"]
[Round "3.4"]
[White "Xu, Yinglun"]
[Black "Ju, Wenjun"]
[Result "1/2-1/2"]
[WhiteTitle "GM"]
[BlackTitle "GM"]
[WhiteElo "2554"]
[BlackElo "2560"]
[WhiteFideId "8604940"]
[BlackFideId "8603006"]
[EventDate "2021.05.07"]

1. c4 e5 2. g3 Nf6 3. Bg2 Bc5 4. Nc3 c6 5. e3 d5 6. cxd5 cxd5 7. d4 exd4 8. exd4
Bb4 9. Ne2 O-O 10. O-O h6 11. Nf4 Bxc3 12. bxc3 Nc6 13. Re1 Qa5 14. Bd2 Qd8 15.
Bc1 Qa5 16. Bd2 Qd8 17. Bc1 1/2-1/2

[Event "ch-CHN 2021"]
[Site "Xinghua CHN"]
[Date "2021.05.09"]
[Round "3.6"]
[White "Liu, Yan"]
[Black "Bai, Jinshi"]
[Result "1/2-1/2"]
[WhiteTitle "GM"]
[BlackTitle "GM"]
[WhiteElo "2524"]
[BlackElo "2618"]
[WhiteFideId "8608962"]
[BlackFideId "8602280"]
[EventDate "2021.05.07"]

1. d4 Nf6 2. c4 g6 3. g3 c6 4. Bg2 d5 5. cxd5 cxd5 6. Nf3 Bg7 7. O-O O-O 8. Ne5
Ng4 9. Nf3 Nf6 10. Nc3 Ne4 11. Ne5 Nxc3 12. bxc3 Nc6 13. Nxc6 bxc6 14. Qa4 Qb6
15. Ba3 Qa6 16. Qxa6 Bxa6 17. Rfe1 Rfe8 18. e3 e6 19. Bf1 Bxf1 20. Kxf1 Bf8 21.
Bxf8 Kxf8 22. Reb1 Rab8 23. Rb3 Rb6 24. Rab1 Reb8 25. Ke2 Ke7 26. Kd3 Kd6 27. c4
c5 28. cxd5 Rxb3+ 29. axb3 Kxd5 30. dxc5 Kxc5 1/2-1/2

[Event "ch-CHN 2021"]
[Site "Xinghua CHN"]
[Date "2021.05.09"]
[Round "4.1"]
[White "Lu, Shanglei"]
[Black "Bai, Jinshi"]
[Result "1/2-1/2"]
[WhiteTitle "GM"]
[BlackTitle "GM"]
[WhiteElo "2615"]
[BlackElo "2618"]
[WhiteFideId "8603332"]
[BlackFideId "8602280"]
[EventDate "2021.05.07"]

1. e4 e5 2. Bc4 Nf6 3. d3 c6 4. Nf3 d5 5. Bb3 Bb4+ 6. Bd2 Bxd2+ 7. Nbxd2 a5 8.
c3 Bg4 9. h3 Bxf3 10. Qxf3 a4 11. Bc2 O-O 12. O-O Nbd7 13. Rfe1 Re8 14. a3 h6
15. exd5 cxd5 16. d4 Qb6 17. Rab1 exd4 18. Rxe8+ Rxe8 19. Bxa4 Re7 20. Bxd7 Rxd7
21. cxd4 Qxd4 22. Nb3 Qb6 23. Qd3 Ne4 24. Nd4 Rc7 25. Qe3 Rc3 26. Qe1 Rd3 27.
Nf5 Rd2 28. Ne7+ Kf8 29. Nxd5 Qd4 30. Ne3 Nxf2 31. Rc1 g6 32. Rc4 Qd3 33. Rc3
Qd4 1/2-1/2

[Event "ch-CHN 2021"]
[Site "Xinghua CHN"]
[Date "2021.05.09"]
[Round "4.3"]
[White "Ju, Wenjun"]
[Black "Xu, Xiangyu"]
[Result "1/2-1/2"]
[WhiteTitle "GM"]
[BlackTitle "GM"]
[WhiteElo "2560"]
[BlackElo "2573"]
[WhiteFideId "8603006"]
[BlackFideId "8608288"]
[EventDate "2021.05.07"]

1. d4 d5 2. c4 c6 3. Nf3 Nf6 4. Nc3 dxc4 5. a4 e6 6. e3 c5 7. Bxc4 Nc6 8. O-O
Be7 9. dxc5 Qxd1 10. Rxd1 Bxc5 11. Bd2 O-O 12. Be1 b6 13. Nb5 Bb7 14. Nd6 Bxd6
15. Rxd6 Ne4 16. Rdd1 Rfd8 17. b4 a5 18. Rxd8+ Rxd8 19. bxa5 Nxa5 20. Be2 Nc5
21. Nd4 e5 22. Nb5 Ra8 23. Nc7 Rc8 24. Nb5 Ra8 25. Nc7 Rc8 26. Nb5 1/2-1/2

[Event "ch-CHN 2021"]
[Site "Xinghua CHN"]
[Date "2021.05.09"]
[Round "4.4"]
[White "Li, Di"]
[Black "Xu, Yinglun"]
[Result "1/2-1/2"]
[WhiteTitle "GM"]
[BlackTitle "GM"]
[WhiteElo "2561"]
[BlackElo "2554"]
[WhiteFideId "8607508"]
[BlackFideId "8604940"]
[EventDate "2021.05.07"]

1. e4 e6 2. d4 d5 3. Nd2 c5 4. exd5 Qxd5 5. Ngf3 cxd4 6. Bc4 Qd8 7. O-O Nc6 8.
Nb3 a6 9. Nbxd4 Nxd4 10. Qxd4 Qxd4 11. Nxd4 Bd7 12. Bf4 Rc8 13. Be2 Bc5 14. Rad1
Ne7 15. c3 Ba4 16. Nb3 Bb6 17. Rd2 Bc7 18. Bxc7 Rxc7 19. Na5 Nc6 20. Nc4 Nb8 21.
f4 g6 22. Nb6 Bc6 23. Rfd1 Ke7 24. Kf2 Nd7 25. Nxd7 Rxd7 26. Rxd7+ Bxd7 27. Ke3
Rc8 28. Rd4 Rc5 29. Rc4 Kd6 30. Rd4+ Ke7 31. Rc4 1/2-1/2

[Event "ch-CHN 2021"]
[Site "Xinghua CHN"]
[Date "2021.05.09"]
[Round "4.5"]
[White "Zhao, Jun"]
[Black "Xu, Yi"]
[Result "1/2-1/2"]
[WhiteTitle "GM"]
[BlackTitle "GM"]
[WhiteElo "2638"]
[BlackElo "2527"]
[WhiteFideId "8602522"]
[BlackFideId "8605564"]
[EventDate "2021.05.07"]

1. e4 e5 2. Nf3 Nf6 3. Nxe5 d6 4. Nf3 Nxe4 5. Nc3 Nxc3 6. dxc3 Be7 7. Be3 Nd7 8.
Qd3 O-O 9. O-O-O Nf6 10. h3 c5 11. Kb1 b5 12. Qxb5 Bd7 13. Qa6 Rb8 14. Bc4 Qc7
15. Bf4 Ne4 16. Rhe1 Nxc3+ 17. Kc1 Bb5 18. Bxb5 Nxb5 19. Re3 Rb6 20. Qa4 c4 21.
Re4 c3 22. b3 Qb7 23. Rde1 Bf6 24. Re8 Ra6 25. Qe4 Qxe4 26. R1xe4 Rxa2 27. Rxf8+
Kxf8 28. Ra4 Rb2 29. Ra5 a6 30. Rxa6 Ke7 31. Ra5 Nd4 32. Nxd4 Bxd4 33. Be3 Be5
34. Ra1 Ke6 35. f4 Bf6 36. g4 g6 37. Ra5 Bh4 38. f5+ gxf5 39. gxf5+ Kd7 40. Ra7+
Kc6 41. Rxf7 Ra2 42. Ra7 Rxa7 43. Bxa7 Kd5 44. Kd1 Ke4 45. Ke2 Bf6 46. b4 Kxf5
47. Kd3 Ke6 48. Bd4 Bg5 49. Kxc3 d5 50. Kb3 Kd6 51. Ka4 Kc6 52. Ka5 Be7 53. b5+
Kb7 54. Ka4 Bd6 55. Kb3 h5 56. Kc3 Bf4 57. Kd3 Bg3 58. Bc5 Be5 59. Be3 Kc7 60.
Bd4 Bg3 61. Ke3 Kb7 62. Kf3 Bd6 63. Ke2 Bg3 64. Bg1 Bd6 65. Kd3 Be5 66. Bf2 Kc7
67. c4 dxc4+ 68. Kxc4 Kd6 69. Ba7 Kc7 70. Kd5 Bg3 71. Ke6 Kb7 72. Bc5 h4 73. Kf5
Be1 74. Kg4 Kc7 75. Be7 Kb6 76. Bxh4 Bc3 77. Bf2+ Kxb5 78. h4 Kc6 79. h5 Kd7 80.
Kf5 Ke8 81. Kg6 Kf8 82. h6 Kg8 83. h7+ Kh8 84. Bg3 1/2-1/2

[Event "ch-CHN 2021"]
[Site "Xinghua CHN"]
[Date "2021.05.09"]
[Round "4.6"]
[White "Yu, Yangyi"]
[Black "Xu, Zhihang"]
[Result "1/2-1/2"]
[WhiteTitle "GM"]
[BlackTitle "IM"]
[WhiteElo "2709"]
[BlackElo "2506"]
[WhiteFideId "8603820"]
[BlackFideId "8611572"]
[EventDate "2021.05.07"]

1. e4 e5 2. Nf3 Nc6 3. Bc4 Bc5 4. d3 Nf6 5. Bg5 h6 6. Bh4 d6 7. c3 Bb6 8. Nbd2
Bg4 9. a4 a6 10. h3 Bd7 11. Bb3 g5 12. Bg3 Qe7 13. Nc4 Ba7 14. Bc2 Nh5 15. b4
Nxg3 16. fxg3 Qf6 17. b5 Ne7 18. b6 Bxb6 19. Nxb6 cxb6 20. O-O Qg7 21. Nd2 O-O
22. Nc4 Rad8 23. Nxb6 Be6 24. Bb3 d5 25. Qc2 Qg6 26. a5 dxe4 27. dxe4 Bxb3 28.
Qxb3 Qxe4 29. Rae1 Qd3 30. Kh2 Nd5 31. Rf3 Qb5 32. Qxb5 axb5 33. Rxe5 Nxb6 34.
axb6 Rfe8 35. Rxb5 Re2 36. Rbf5 Rdd2 37. Rxf7 Rxg2+ 38. Kh1 Rh2+ 39. Kg1 Rdg2+
40. Kf1 Rb2 41. Rf8+ Kg7 42. R8f7+ Kg8 43. Rf8+ 1/2-1/2

[Event "ch-CHN 2021"]
[Site "Xinghua CHN"]
[Date "2021.05.10"]
[Round "5.1"]
[White "Xu, Zhihang"]
[Black "Lu, Shanglei"]
[Result "0-1"]
[WhiteTitle "IM"]
[BlackTitle "GM"]
[WhiteElo "2506"]
[BlackElo "2615"]
[WhiteFideId "8611572"]
[BlackFideId "8603332"]
[EventDate "2021.05.07"]

1. d4 Nf6 2. c4 e6 3. Nc3 Bb4 4. Nf3 O-O 5. Bg5 c5 6. Rc1 h6 7. Bh4 cxd4 8. Nxd4
Nc6 9. e3 b6 10. a3 Be7 11. Ndb5 Ne8 12. Bxe7 Qxe7 13. Be2 a6 14. Nd4 Bb7 15.
O-O Rb8 16. b4 d6 17. Na4 Qc7 18. Bf3 Nxd4 19. Bxb7 Qxb7 20. exd4 b5 21. Nb2 Nf6
22. c5 Qd5 23. Qc2 Rfd8 24. Rfd1 Rbc8 25. a4 Qb7 26. Nd3 Qe4 27. axb5 axb5 28.
Ne1 Qxc2 29. Nxc2 Nd5 30. Kf1 Ra8 31. Ra1 Kf8 32. g3 Ke7 33. Ke1 Kd7 34. Rdb1
Kc6 35. Rxa8 Rxa8 36. Kd2 Ra2 37. Kd3 g5 38. Rh1 Kd7 39. f3 Ra4 40. Rb1 h5 41.
Rb2 f5 42. Rb1 Ra2 43. Rh1 h4 44. g4 Rb2 45. gxf5 exf5 46. Ra1 Nxb4+ 47. Nxb4
Rb3+ 48. Ke2 Rxb4 49. Ra7+ Ke6 50. cxd6 Rb2+ 51. Ke3 Kxd6 52. Rg7 Rxh2 53. Rxg5
b4 54. Rg1 b3 55. Kf4 b2 0-1

[Event "ch-CHN 2021"]
[Site "Xinghua CHN"]
[Date "2021.05.10"]
[Round "5.2"]
[White "Xu, Yi"]
[Black "Yu, Yangyi"]
[Result "0-1"]
[WhiteTitle "GM"]
[BlackTitle "GM"]
[WhiteElo "2527"]
[BlackElo "2709"]
[WhiteFideId "8605564"]
[BlackFideId "8603820"]
[EventDate "2021.05.07"]

1. e4 c5 2. Nf3 Nc6 3. Bb5 e6 4. Bxc6 bxc6 5. d3 Qc7 6. Nbd2 e5 7. O-O Ne7 8.
Re1 Ng6 9. c3 Be7 10. d4 cxd4 11. cxd4 d6 12. Nc4 Bg4 13. dxe5 dxe5 14. h3 Be6
15. Qc2 O-O 16. Be3 f6 17. Red1 c5 18. b3 Qc6 19. Na5 Qa6 20. Nc4 Rfd8 21. Ne1
Bf7 22. Rxd8+ Rxd8 23. Nd3 Rc8 24. Rc1 Nf8 25. f4 exf4 26. Nxf4 Rd8 27. Rf1 Ng6
28. Nxg6 Bxg6 29. Bf2 Qc6 30. Re1 Bf8 31. Na5 Qb6 32. Nc4 Qc6 33. Na5 Qc7 34.
Nc4 Qf4 35. g3 Qb8 36. Ne3 Bd6 37. Kh2 Be5 38. Nf5 Qb7 39. Qxc5 Rd2 40. Ne7+ Kf7
41. Nxg6 Kxg6 42. Kg1 Qd7 43. Qe3 Rd3 44. Qc1 Bxg3 45. Qc5 Qxh3 46. Qf5+ Qxf5
47. exf5+ Kxf5 48. Re7 Bxf2+ 49. Kxf2 Rd2+ 50. Kf3 g5 51. Rxa7 h5 52. Ra5+ Kg6
53. b4 g4+ 54. Kg3 Rd3+ 55. Kf2 h4 56. b5 g3+ 0-1